| Tag |
First Indicator |
Second Indicator |
Subfields |
| LEADER |
00000pam a2200000 a 4500 |
| 001 |
in00000076140 |
| 005 |
20151008060440.0 |
| 008 |
800902s1980 enk b 00000 engm |
| 010 |
|
|
|a 80040816
|
| 015 |
|
|
|a GB80
|
| 020 |
|
|
|a 008025215X :
|c 15.00 (est.)
|
| 035 |
|
|
|a (OCoLC)06734552
|
| 035 |
|
|
|9 AAJ5773AM
|
| 040 |
|
|
|a DLC
|c DLC
|d m.c.
|d TXA
|d UtOrBLW
|
| 043 |
|
|
|a e------
|
| 049 |
|
|
|a TXAM
|c [1804969]
|
| 050 |
0 |
0 |
|a HV1481.E782
|b O63 1980
|
| 082 |
0 |
|
|a 362.6/094
|2 19
|
| 245 |
0 |
0 |
|a Open care for the elderly in seven European countries :
|b a pilot study in the possibilities and limits of care /
|c edited by Anton Amann.
|
| 250 |
|
|
|a 1st ed.
|
| 264 |
|
1 |
|a Oxford ;
|a New York :
|b Pergamon Press,
|c 1980.
|
| 300 |
|
|
|a xii, 225 pages ;
|c 26 cm.
|
| 336 |
|
|
|a text
|b txt
|2 rdacontent
|
| 337 |
|
|
|a unmediated
|b n
|2 rdamedia
|
| 338 |
|
|
|a volume
|b nc
|2 rdacarrier
|
| 500 |
|
|
|a "This book is based on a European cross-national research project co-sponosred by the European Centre for Social Welfare Training and Research, Vienna, the European Coordination Centre for Research and Documentation in Social Sciences, Vienna, and the United Nations Division for Social Affairs, Geneva."
|
| 504 |
|
|
|a Includes bibliographical references.
|
| 650 |
|
0 |
|a Older people
|x Services for
|z Europe
|x Case studies.
|
| 650 |
|
0 |
|a Older people
|z Europe
|x Case studies.
|
| 700 |
1 |
|
|a Amann, Anton.
|
| 710 |
2 |
|
|a Eurosocial.
|
| 710 |
2 |
|
|a European Coordination Centre for Research and Documentation in Social Sciences.
|
| 710 |
2 |
|
|a United Nations.
|b Division for Social Affairs.
|
| 999 |
|
|
|a MARS
|
| 999 |
f |
f |
|s a5e2e28b-66c1-36f7-aa4a-7a7dd6646279
|i ea248671-59cb-36ab-a8f7-f13d9af3bd97
|t 0
|
| 952 |
f |
f |
|p ric
|a Texas A&M University
|b Rellis Campus
|c Joint Library Facility
|d Remote Storage
|t 0
|e HV1481.E782 O63 1980
|h Library of Congress classification
|i unmediated -- volume
|m A14806146005
|
| 998 |
f |
f |
|a HV1481.E782 O63 1980
|t 0
|l Remote Storage
|